000 00565nam a22002057a 4500
005 20260515115052.0
008 250301b |||||||| |||| 00| 0 eng d
020 _a9789364400145
040 _aIN-DiNC
_cIN-DiNC
041 _deng
082 _a351
_bSAH
100 _aSah, Santosh Kumar
_eauthor
245 _aIntroduction to public administration/
_cby Santosh Kumar Sahu
250 _a1st ed.
260 _aLudhiana:
_bKalyani,
_c2025.
300 _a5.62p.
650 _aPublic Administration
700 _aSantosh Kumar Sahu
_eauthor
942 _2ddc
_cBK
999 _c12070
_d12070